|
|
|
|
| LEADER |
00870cam a2200229 7i4500 |
| 001 |
0000037473 |
| 005 |
20101228090000.0 |
| 008 |
101228 eng |
| 020 |
|
|
|a 9678909529 (pbk.)
|
| 040 |
|
|
|a UMT
|
| 090 |
0 |
0 |
|a KPG953.A31966
|b S75
|
| 110 |
1 |
|
|a Malaysia
|
| 240 |
1 |
0 |
|a Societies Act 1966 (Act 335) & regulations
|
| 245 |
1 |
0 |
|a Societies Act 1966 (Act 335) & regulations
|c compiled by Legal Research Board.
|
| 260 |
|
|
|a Kuala Lumpur:
|b International Law Book Services,
|c 1999-.
|
| 300 |
|
|
|a 80 p.;
|c 24 cm.
|
| 490 |
0 |
|
|a Laws of Malaysia
|
| 500 |
|
|
|a Library has : As at 30th September 1999
|
| 650 |
0 |
0 |
|a Associations, institutions, etc. --
|x Law and legislation --
|z Malaysia
|
| 650 |
0 |
0 |
|a Nonprofit organizations --
|x Law and legislation --
|z Malaysia
|
| 710 |
2 |
|
|a Legal Research Board
|
| 999 |
|
|
|a 0000023990
|b BOK
|c ACTS
|e Ground Floor, Bestari Jaya
|